000 00824cam a2200301 a 4500
001 60053
003 CO-BoRNBP
005 20251205134624.0
007 ta
008 910423s1970 sp a gr 00010 spa d
040 _ala
_cla
041 1 _aspa
_heng
082 0 4 _a793.73
_bL15g
_219 ed.
100 1 _aLimbos, Eduard.
_967641
245 1 0 _aGrandes juegos /
_cEduard Limbos y J. Beauregard.
250 _a1a. edición
300 _a128 p :
_bil ;
_c19 cm.
336 _2rdacontent
_atexto
_btxt
337 _2rdamedia
_asin mediación
_bn
338 _2rdacarrier
_avolumen
_bnc
490 1 _a100 ideas ;
_v13
534 _tGrands jeux.
650 7 _aRompecabezas.
_2BLAAUTO
700 1 _aBeauregard, J.
_967642
830 0 _aÁlvaro Restrepo Vélez-Colección
_967643
942 _2ddc
_cBK
949 _an
_bn
999 _c60053
_d60053